| 000 | 01359nam a22002057a 4500 | ||
|---|---|---|---|
| 008 | 171028s2004 fr||||| |||| 00| 0 fra d | ||
| 020 | _a2746706210 | ||
| 082 | 0 | 4 |
_a709.6 _bS954a |
| 100 | 1 |
_aSultan, Olivier. _96062 |
|
| 245 | 1 | 4 |
_aLes afriques : _b36 artistes contemporains / _cOlivier Sultan ; Musée des Arts derniers. |
| 250 | _a1a edición. | ||
| 260 |
_a1a edición : _bÉditions Autrement, _c2004. |
||
| 300 |
_a160 páginas : _bilustraciones en color. |
||
| 505 | 0 |
_tAvant-propos _rOlivier Sultan. _tPréface: L'histoire de l'art contemporain africain _rSimon Njami. _tArtistas: Fanizani Akuda, Luis Basto, Jean-Michel Basquiat, Philippe Berry, Mickaël Bethe-Sélassié, Berry Bickle, Joe Big-Big, Frédéric Bruly Bouabré, Christophe, Soly Cissé, Bruce Clarke, Robert Combas, Charly D'Almeida, Depara, Richard Di Rosa, Calvin Dondo, Ernest Dükü, Samuel Fosso, Meek Gichugu, Seydou Keita, Bodys Isek Kingelez, Kisito, Collen Madamonbe, Moke, Orlan, Chéri Samba, Malick Sidibé, Ousmane Sow, Sultan, Tchif, Pape Teigne Diouf, Zephania Tshuma, Twins Seven Seven, Martial Verdier, Duncan Wylie y Gavin Younge. _tExpositions majeures d'art africain contemporain depuis 1989. |
|
| 653 | 1 | 0 | _aArte contemporáneo |
| 653 | 1 | 0 | _aArte - África |
| 653 | 1 | 0 | _aArte internacional |
| 653 | 1 | 0 | _aArtistas visuales |
| 710 | 1 |
_aMusée des Arts derniers. _96063 |
|
| 999 |
_c1336 _d1336 |
||